Memorias desde la Cibeles : (Registro nro. 190434)

Detalles MARC
000 -LEADER
campo de control de longitud fija 00912nam a2200265 c 4500
001 - NÚMERO DE CONTROL
campo de control 190434
003 - IDENTIFICADOR DE NÚMERO DE CONTROL
campo de control ES-MaACL
005 - FECHA Y HORA DE LA ÚLTIMA TRANSACCIÓN
campo de control 20250811063209.0
008 - DATOS DE LONGITUD FIJA--INFORMACIÓN GENERAL
campo de control de longitud fija 210330s2017 sp 001 0aspa
020 ## - NÚMERO INTERNACIONAL ESTÁNDAR DEL LIBRO
Número Internacional Estándar del Libro 978-84-16250-98-1
080 ## - NÚMERO DE LA CLASIFICACIÓN DECIMAL UNIVERSAL
Número de la Clasificación Decimal Universal 929 Aguilar, José María
100 1# - ENTRADA PRINCIPAL--NOMBRE DE PERSONA
Nombre de persona Aguilar, José María,
Fechas asociadas al nombre 1955-
9 (RLIN) 171133
245 10 - MENCIÓN DEL TÍTULO
Título Memorias desde la Cibeles :
Resto del título (un capítulo de mis memorias) /
Mención de responsabilidad, etc. José María Aguilar.
246 14 - FORMA VARIANTE DEL TITULO
Título propio/Titulo breve Desde la Cibeles
250 ## - MENCION DE EDICION
Mención de edición 1ª ed.
260 ## - PUBLICACIÓN, DISTRIBUCIÓN, ETC.
Lugar de publicación, distribución, etc. [Madrid] :
Nombre del editor, distribuidor, etc. Isidora,
Fecha de publicación, distribución, etc. 2017.
300 ## - DESCRIPCIÓN FÍSICA
Extensión 255 p. ;
Dimensiones 23 cm.
504 ## - NOTA DE BIBLIOGRAFÍA, ETC.
Nota de bibliografía, etc. Bibliografía: p. 251-253, 255.
600 14 - PUNTO DE ACCESO ADICIONAL DE MATERIA--NOMBRE DE PERSONA
Nombre de persona Aguilar, José María,
Fechas asociadas al nombre 1955-
9 (RLIN) 171133
852 4# - LOCALIZACIÓN
Ubicación ES-MaACL
Número de control de estantería A-14634
itemnumber 197611
Sublocalización o colección R.152141
Ubicación en estantería Depósito 1
Signatura antigua Olim: N-7634
Donativo/Legado Donación: José Lázaro
903 ## - NOMBRE PERSONAL DE DONANTE
9 234219
a Lázaro García, José
e Donante
942 ## - ELEMENTOS DE ENTRADA SECUNDARIOS (KOHA)
Fuente del sistema de clasificación o colocación Clasificación decimal universal
Tipo de ítem Koha Libro impreso
Existencias
Estatus retirado Estado de pérdida Fuente del sistema de clasificación o colocación Estado de daño No para préstamo Biblioteca de origen Biblioteca actual Ubicación en estantería Fecha de adquisición Fuente de adquisición Total de préstamos Signatura topográfica completa Código de barras Visto por última vez Precio de reemplazo Tipo de ítem Koha
    Clasificación decimal universal     Biblioteca del Ateneo de Madrid Biblioteca del Ateneo de Madrid Depósito 1 30/03/2021 Donación   A-14634 1202457 23/02/2023 23/02/2023 Libro impreso